LEADER 01174nam0-2200421---450- 001 990000885260203316 005 20060404112753.0 010 $a88-7380-209-5 035 $a0088526 035 $aUSA010088526 035 $a(ALEPH)000088526USA01 035 $a0088526 100 $a20020118d1994----km-y0ITAy01------ba 101 $aita 102 $aIT 105 $a||||||||001yy 200 1 $aAzione!$elezioni di regia$fNicholas Ray$ga cura di Susan Ray 210 $aParma$cPratiche$d1994 215 $a336 p$d21 cm 225 2 $aNuovi saggi$v120 312 $aAction 410 $12001$aNuovi saggi$v120 454 $12001$aAction$942896 606 0 $aRegia cinematografica 676 $a791.430233 700 1$aRAY,$bNicholas$0551519 702 1$aRAY,$bSusan 801 0$aIT$bsalbc$gISBD 912 $a990000885260203316 951 $aXIII.2. 1703(V C COLL. 143/120)$b121844 LM$cV C COLL. 959 $aBK 969 $aUMA 979 $aPATTY$b90$c20020118$lUSA01$h1240 979 $c20020403$lUSA01$h1733 979 $aPATRY$b90$c20040406$lUSA01$h1701 979 $aCOPAT7$b90$c20060404$lUSA01$h1127 996 $aAction$942896 997 $aUNISA LEADER 02996nam 2200565 450 001 9910825563803321 005 20231107055317.0 010 $a1-119-04639-4 010 $a1-119-17626-3 035 $a(CKB)4330000000009097 035 $a(EBL)4696320 035 $a(DLC) 2016026081 035 $a(Au-PeEL)EBL4696320 035 $a(CaPaEBR)ebr11270407 035 $a(CaSebORM)9781119046325 035 $a(MiAaPQ)EBC4696320 035 $a(OCoLC)951190310 035 $a(EXLCZ)994330000000009097 100 $a20161007h20162016 uy 0 101 0 $aeng 135 $aur|n|---||||| 181 $2rdacontent 182 $2rdamedia 183 $2rdacarrier 200 10$aMichael Allen's guide to e-learning $ebuilding interactive, fun, and effective learning programs for any company /$fMichael W. Allen 205 $aSecond edition. 210 1$aHoboken, New Jersey :$cWiley,$d2016. 210 4$dİ2016 215 $a1 online resource (433 p.) 225 1 $aTHEi Wiley ebooks 300 $aDescription based upon print version of record. 311 $a1-119-04632-7 320 $aIncludes bibliographical references and index. 327 $aCover; Title Page; Copyright; Contents; Foreword by Tony Bingham; Preface; Acknowledgments; Chapter 1 What's New?; Part I The Business Perspective; Chapter 2 Plain Talk; Chapter 3 What You Don't Know Can Kill (Your e-Learning); Chapter 4 Making Success Possible; Chapter 5 Executive's Guide to Good e-Learning; Chapter 6 Where Does e-Learning Fit?; Part II Great e-Learning Design; Chapter 7 Seven Simple Success Strategies; Chapter 8 The Serious e-Learning Manifesto; Chapter 9 Motivation in Learning; Chapter 10 Seven Magic Keys to Motivational e-Learning 327 $aMagic Key 1: Build on Anticipated OutcomesMagic Key 2: Put the Learner at Risk; Magic Key 3: Select the Right Content for Each Learner; Magic Key 4: Use an Appealing Context; Magic Key 5: Have the Learner Perform Multistep Tasks; Magic Key 6: Provide Intrinsic Feedback; Magic Key 7: Delay Judgment; Chapter 11 Navigation; Chapter 12 CCAF and Interactive Instruction; Chapter 13 Interactivity Paradigms That Work; Chapter 14 Successive Approximation and SAM; Part III Serious Learning Games; Chapter 15 Serious Learning Games: Where Rules Rule; Chapter 16 Integrating Instructional Content and Games 327 $aChapter 17 Learning Games, Serious or Not?About the Author; References; Additional Resources; Index; EULA 410 0$aTHEi Wiley ebooks. 606 $aEmployees$xTraining of 606 $aEmployees$xTraining of$xComputer-assisted instruction 615 0$aEmployees$xTraining of. 615 0$aEmployees$xTraining of$xComputer-assisted instruction. 676 $a658.3/124040285 700 $aAllen$b Michael W.$f1946-$0115773 801 0$bMiAaPQ 801 1$bMiAaPQ 801 2$bMiAaPQ 906 $aBOOK 912 $a9910825563803321 996 $aMichael Allen's guide to e-learning$94061903 997 $aUNINA